JEE Advanced Chemistry: Physical Chemistry-I/ (Record no. 176145)

MARC details
000 -LEADER
fixed length control field 00843nam a22002177a 4500
005 - DATE AND TIME OF LATEST TRANSACTION
control field 20201119122757.0
010 ## - LCCN (DPL NO)
LC control number ENG-128590
020 ## - INTERNATIONAL STANDARD BOOK NUMBER
International Standard Book Number 9789353948030
Terms of availability 825.00
035 ## - SYSTEM CONTROL NUMBER
System control number EN-112122
037 ## - SOURCE OF ACQUISITION
Source of stock number/acquisition DBAD/PUB
082 ## - DEWEY DECIMAL CLASSIFICATION NUMBER
Classification number 540
100 ## - MAIN ENTRY--PERSONAL NAME
Personal name Ganguly, Ananya
245 ## - TITLE STATEMENT
Title JEE Advanced Chemistry: Physical Chemistry-I/
Statement of responsibility, etc Ananya Ganguly, ed. by Biswajit Das, Shalu Sharma and Ashi Jain
260 ## - PUBLICATION, DISTRIBUTION, ETC. (IMPRINT)
Place of publication, distribution, etc Uttar Pradesh
Name of publisher, distributor, etc Pearson India Education Services Pvt. Ltd.
Date of publication, distribution, etc 2021
270 ## - ADDRESS
City Uttar Pradesh
Postal code 201301
Electronic mail address companysecretary.india@pearson.com
Address 15th Floor, Tower-B, World Trade Tower, Plot No-1, Block-C, Sector-16, Noida, UP- 201301
Telephone number 044-66540100
300 ## - PHYSICAL DESCRIPTION
Extent xvii+various pages.
Dimensions 26cm(pbk)
Other physical details Tables & Ill.
700 ## - ADDED ENTRY--PERSONAL NAME
Personal name Das, Biswajit
700 ## - ADDED ENTRY--PERSONAL NAME
Personal name Sharma, Shalu
700 ## - ADDED ENTRY--PERSONAL NAME
Personal name Jain, Ashi
942 ## - ADDED ENTRY ELEMENTS (KOHA)
Source of classification or shelving scheme Dewey Decimal Classification
Item type English Books
Classification part 540
Call number suffix GAN
Holdings
Withdrawn status Lost status Not for loan Collection code Home library Current library Date acquired Source of acquisition Cost, normal purchase price Full call number Barcode Copy number Cost, replacement price Koha item type
      Non-fiction Ashok Vihar Ashok Vihar 19/11/2020 DBAD/PUB 825.00 540 GAN EN-112122 1 825.00 English Books

© Delhi Public Library
Hit Counter
free hit counter